[Event "Chicago Open"]
[Site "Wheeling USA"]
[Date "2009.05.22"]
[Round "1"]
[White "Boor,C"]
[Black "Sadvakasov,D"]
[Result "0-1"]
[WhiteElo "2291"]
[BlackElo "2619"]

1.Nf3 Nf6 2.c4 b6 3.g3 Bb7 4.Bg2 c5 5.O-O g6 6.Nc3 Bg7 7.d4 cxd4 8.Qxd4 d6
9.Rd1 Nbd7 10.Be3 Rc8 11.Rac1 a6 12.b3 O-O 13.Qh4 Rc7 14.Bh6 Qa8 15.Bxg7 Kxg7
16.Ne1 Rfc8 17.a4 Nc5 18.Rb1 Nxb3 19.Nd5 Bxd5 20.Bxd5 Nxd5 21.cxd5 Nc5 22.Rxb6 Nd7
23.Rb4 Nf6 24.Qd4 Rc5 25.e4 a5 26.Rb5 Rc4 27.Qa1 Rxe4 28.Nf3 Rcc4 29.Nd4 h5
30.Nc6 Rxa4 31.Qb2 h4 32.Qd2 Qa6 33.Rdb1 Ra1 34.Rxa1 Qxb5 35.Qxa5 Qxd5  0-1

[Event "Copper State Int"]
[Site "Mesa USA"]
[Date "2009.05.29"]
[Round "2"]
[White "Fernandez,Dani"]
[Black "Yermolinsky,A"]
[Result "0-1"]
[WhiteElo "2369"]
[BlackElo "2522"]

1.Nf3 c5 2.c4 b6 3.g3 Bb7 4.Bg2 Nf6 5.O-O g6 6.Nc3 Bg7 7.d4 cxd4 8.Qxd4 d6
9.Rd1 Nbd7 10.Qh4 h6 11.Be3 Rc8 12.Nd2 Bxg2 13.Kxg2 Ne5 14.Nd5 Qd7 15.Rac1 Neg4
16.Nf1 Nxd5 17.cxd5 Rxc1 18.Bxc1 Qa4 19.Rd3 Qe4+ 20.Rf3 Bf6 21.Qh3 h5 22.Ne3 O-O
23.Kg1 Qb1 24.Qf1 Rc8 25.Bd2 Qxb2 26.Nxg4 hxg4 27.Rd3 Qxa2 28.h3 Rc2 29.Qd1 Qc4
30.hxg4 Ra2 31.Kg2 Ra1 32.Qb3 Qe4+ 33.Rf3 Qxe2  0-1

[Event "TCh-BUL"]
[Site "Sunny Beach BUL"]
[Date "2009.06.09"]
[Round "2"]
[White "Milchev,N"]
[Black "Arnaudov,G"]
[Result "1-0"]
[WhiteElo "2346"]
[BlackElo "2449"]

1.Nf3 Nf6 2.c4 c5 3.g3 b6 4.Bg2 Bb7 5.O-O g6 6.d4 cxd4 7.Qxd4 Bg7 8.Nc3 O-O
9.Qh4 d6 10.e4 Nbd7 11.Be3 Rc8 12.b3 Re8 13.Rad1 Qc7 14.Bd4 Qb8 15.Rfe1 h6
16.g4 g5 17.Qg3 e5 18.Be3 Nxe4 19.Nxe4 Bxe4 20.h4 f6 21.Nd2 Bxg2 22.Qxg2 Nf8
23.Qd5+ Re6 24.h5 Rd8 25.Ne4 Rd7 26.Bc1 Qb7 27.Qxb7 Rxb7 28.Nxd6 Rb8 29.Ba3 Re7
30.Nf5 Reb7 31.Bd6 Ra8 32.Bxf8 Bxf8 33.Rd5 Kf7 34.Kg2 Rc8 35.Kf3 a6 36.Ke4 Ke6
37.Red1 Rbc7 38.Rd6+ Bxd6 39.Rxd6+ Kf7 40.Nxh6+ Ke8 41.Re6+ Kd7 42.Rxf6 Rc6
43.Rf7+ Kd6 44.Nf5+ Kc5 45.h6 R6c7 46.Rxc7+ Rxc7 47.Kxe5 Kb4 48.f4 gxf4 49.Kxf4  1-0

[Event "1st SCS GM Open"]
[Site "Bhubaneswar IND"]
[Date "2009.06.10"]
[Round "5"]
[White "Fominyh,A"]
[Black "Sagar,S"]
[Result "1/2-1/2"]
[WhiteElo "2485"]
[BlackElo "2271"]

1.Nf3 Nf6 2.c4 b6 3.g3 c5 4.Bg2 Bb7 5.O-O g6 6.b3 Bg7 7.Bb2 O-O 8.Nc3 d5
9.Nxd5 Nxd5 10.Bxg7 Kxg7 11.cxd5 Qxd5 12.d4 Na6 13.dxc5 Nxc5 14.Qc2 Rfd8
15.Rfd1 Qc6 16.b4 Na4 17.Qb3 Nc3 18.Rxd8 Rxd8 19.Qxf7+ Kxf7 20.Ne5+ Ke6 21.Nxc6 Bxc6
22.Bxc6 Rd2 23.a4 Nxe2+ 24.Kf1 Kd6 25.Bf3 Nc3 26.a5 Rb2 27.Ra3 Nb5 28.Rd3+ Ke6
29.Bd5+ Ke5 30.Bc6 Nd4 31.f4+ Kd6 32.Rxd4+ Kxc6 33.Re4 Kd6 34.h4 e6 35.Kg1 h5
36.axb6 axb6 37.Re5 Rxb4  1/2-1/2

[Event "Helmut Kohls IM"]
[Site "Dortmund GER"]
[Date "2009.07.11"]
[Round "8"]
[White "Savchenko,Via"]
[Black "Racherbaeumer,M"]
[Result "1-0"]
[WhiteElo "2429"]
[BlackElo "2284"]

1.c4 c5 2.Nf3 Nf6 3.g3 b6 4.Bg2 Bb7 5.O-O g6 6.d4 cxd4 7.Qxd4 Bg7 8.Nc3 Nc6
9.Qh4 h6 10.Nd5 e6 11.Nxf6+ Qxf6 12.Qxf6 Bxf6 13.Rb1 Na5 14.b3 Be4 15.Bb2 Bxb2
16.Rxb2 Ke7 17.Rd1 Rhd8 18.Rbd2 Nc6 19.Rd6 Rac8 20.Bf1 Bxf3 21.exf3 g5 22.Kg2 Ne5
23.Be2 Ng6 24.R6d4 d6 25.Bd3 Ne5 26.Be4 f5 27.Bb1 Nc6 28.R4d2 f4 29.Be4 e5
30.Kh3 Nd4 31.Kg4 Kf6 32.Rxd4 exd4 33.gxf4 h5+ 34.Kg3 h4+ 35.Kg4 gxf4 36.Kxf4 Rg8
37.Rxd4 Rg2 38.h3 Ke7 39.Ke3 Rh8 40.f4 Rh2 41.Bf5 Rh6 42.Rd1 b5 43.Bg4 bxc4
44.bxc4 d5 45.Rxd5 Ra6 46.Rd7+ Kf6 47.Rd2 Rh1 48.c5 Ra1 49.Bd7 R1xa2 50.Rd4 Rc2
51.c6 Ra3+ 52.Ke4 Rc5 53.Rd6+ Ke7 54.Re6+ Kf7 55.Rh6 Ra4+ 56.Kf3 Ra3+ 57.Kg4 Rd3
58.Rxh4 Kg7 59.Bf5 Rdc3 60.Be4 a5 61.Rh7+ Kf6 62.h4 Rc1 63.f5 Rg1+ 64.Kf4 Rc4
65.h5 Re1 66.f3 a4 67.Rh6+ Kg7 68.Rg6+ Kf7 69.h6 a3 70.Rg2 Rh1 71.Ke5  1-0

[Event "32nd Aegean Open"]
[Site "Aghios Kirykos GRE"]
[Date "2009.07.18"]
[Round "8"]
[White "Aggelis,N"]
[Black "Zagrebelny,S"]
[Result "0-1"]
[WhiteElo "2296"]
[BlackElo "2480"]

1.Nf3 Nf6 2.g3 b6 3.Bg2 Bb7 4.O-O c5 5.c4 g6 6.b3 Bg7 7.Bb2 O-O 8.Nc3 d6
9.d4 cxd4 10.Nxd4 Bxg2 11.Kxg2 Qc8 12.e4 Qb7 13.f3 Nbd7 14.Qd2 a6 15.Nd5 e6
16.Nxf6+ Nxf6 17.Ne2 b5 18.Rac1 Rfd8 19.Rfd1 bxc4 20.Rxc4 d5 21.Rcc1 h5 22.Qf4 dxe4
23.Rxd8+ Rxd8 24.Bxf6 exf3+ 25.Kf2 e5 26.Bxe5 fxe2 27.Bxg7 Kxg7 28.Qe5+ Kh7
29.Qxe2 Rd5 30.Rd1 Rf5+ 31.Kg1 Qb6+ 32.Kg2 Qc6+ 33.Kg1 Qc5+ 34.Kg2 Re5 35.Qf2 Qe7
36.Rd2 g5 37.Qb6 Re3 38.Qd4 g4 39.Qd5 Kg7 40.Qd4+ Kh7 41.Qd5 Re5 42.Qd3+ Kg7
43.Qxa6 Re3 44.Qc6 h4 45.gxh4 Qxh4 46.Qd6 Qh3+ 47.Kg1 Re1+ 48.Kf2 Qe3+  0-1

[Event "XXIV Rapid"]
[Site "Villarrobledo ESP"]
[Date "2009.07.25"]
[Round "2"]
[White "Granero Roca,A"]
[Black "Bacrot,E"]
[Result "0-1"]
[WhiteElo "2433"]
[BlackElo "2721"]

1.Nf3 Nf6 2.c4 b6 3.g3 Bb7 4.Bg2 c5 5.O-O g6 6.Nc3 Bg7 7.d4 cxd4 8.Nxd4 Bxg2
9.Kxg2 Qc8 10.b3 O-O 11.Bb2 Qb7+ 12.Kg1 d5 13.cxd5 Nxd5 14.Nxd5 Qxd5 15.e3 Rd8
16.Qe2 Bxd4 17.Bxd4 Nc6 18.Rad1 Qe4 19.Ba1 f6 20.f3 Qe6 21.e4 Rac8 22.Qb5 Kf7
23.Bb2 h5 24.Rxd8 Rxd8 25.Rc1 Nd4 26.Qd3 Nc6 27.Qc4 Qxc4 28.Rxc4 Rd1+ 29.Kf2 Rd2+
30.Ke3 Rxb2 31.Rxc6 Rxh2 32.a4 Rb2 33.Rc3 g5 34.f4 gxf4+ 35.gxf4 h4 36.Kd4 Rd2+
37.Ke3 Rg2 38.Rc7 Rb2 39.Rxa7 h3 40.Ra8 Kg7 41.Rc8 h2 42.Rc1 Rxb3+ 43.Kf2 Rb4
44.Kg2 Rxe4 45.Kxh2 Rxf4  0-1

[Event "ch-AUT"]
[Site "Jenbach AUT"]
[Date "2009.08.01"]
[Round "8"]
[White "Schachinger,M"]
[Black "Wertjanz,Dav"]
[Result "1-0"]
[WhiteElo "2351"]
[BlackElo "2071"]

1.Nf3 Nf6 2.c4 b6 3.g3 c5 4.Bg2 Bb7 5.O-O g6 6.Nc3 Bg7 7.Re1 Ne4 8.Nxe4 Bxe4
9.d3 Bb7 10.a3 O-O 11.Rb1 d5 12.Nd2 Qd7 13.b4 cxb4 14.axb4 dxc4 15.Bxb7 Qxb7
16.Nxc4 Nd7 17.b5 Rfc8 18.Be3 Ne5 19.Nxe5 Bxe5 20.Qa4 Rc7 21.Rec1 Rac8 22.Rxc7 Rxc7
23.Rb4 Bd6 24.Rc4 Rxc4 25.Qxc4 Qc7 26.Qd5 e6 27.Qe4 Qb8 28.Bh6 Qe8 29.Qc4 Bf8
30.Bg5 Be7 31.Qc6 Qd8 32.Bf4 Bf8 33.Be5 Qe7 34.Bb8 Kg7 35.d4 Kg8 36.e4 Kg7
37.Bf4 Kg8 38.Be5 Qb4 39.Kg2 Qe7 40.h4 h5 41.Bb8 Qb4 42.Bxa7 Qxd4 43.Bxb6 Qb2
44.Be3  1-0

[Event "16th ORDIX Open"]
[Site "Mainz GER"]
[Date "2009.08.02"]
[Round "6"]
[White "Kamsky,G"]
[Black "Gharamian,T"]
[Result "1-0"]
[WhiteElo "2717"]
[BlackElo "2615"]

1.Nf3 c5 2.g3 b6 3.Bg2 Bb7 4.O-O Nf6 5.c4 g6 6.Nc3 Bg7 7.Re1 d6 8.Rb1 O-O
9.b4 Nbd7 10.d3 Rc8 11.Bg5 h6 12.Bd2 d5 13.Nh4 e6 14.Nb5 g5 15.Nf3 dxc4 16.Nd6 Bxf3
17.Bxf3 cxd3 18.Nxc8 dxe2 19.Qxe2 Qxc8 20.Rbc1 Nd5 21.Bg2 Qd8 22.bxc5 Nxc5
23.Rc4 Qf6 24.h4 gxh4 25.Rxh4 Rd8 26.Rd1 Qb2 27.Rg4 Kf8 28.Bf3 Qf6 29.Be1 Rd7
30.Kg2 Qd8 31.Rc4 Qg5 32.a4 Qd8 33.a5 Kg8 34.axb6 axb6 35.Rb1 Ne7 36.Rd1 Nd5
37.Rg4 Nf6 38.Rxd7 Qxd7 39.Rb4 Nd5 40.Rh4 Ne7 41.Rb4 Nd5 42.Rc4 Nd3 43.Bd2 Ne5
44.Rh4 Ng6 45.Rh1 Qd8 46.Be4 Qf6 47.Bxd5 exd5 48.Qh5 Nf8 49.Qxd5 Ne6 50.Be3 Qb2
51.Qa8+ Nf8 52.Bxh6 Bxh6 53.Rxh6 Kg7 54.Rh5 Ng6 55.Qd5 Qf6 56.Rf5 Qe7 57.Qd4+ Kg8
58.Rd5 Qb7 59.Kg1 Qc6 60.Rd6 Qc1+ 61.Kg2 b5 62.Rd8+ Kh7 63.Qd5 Qc7 64.Rd7  1-0

[Event "University of Twente YM"]
[Site "Enschede NED"]
[Date "2009.08.06"]
[Round "7"]
[White "Giri,A"]
[Black "Gopal,G"]
[Result "0-1"]
[WhiteElo "2518"]
[BlackElo "2575"]

1.Nf3 c5 2.c4 Nf6 3.g3 b6 4.Bg2 Bb7 5.O-O g6 6.d4 cxd4 7.Qxd4 Bg7 8.Nc3 d6
9.Rd1 Nbd7 10.Be3 Rc8 11.Rac1 O-O 12.Qh4 a6 13.b3 Rc7 14.Bh3 Qb8 15.g4 e6
16.Bf4 Ne8 17.Bh6 b5 18.Bxg7 Kxg7 19.g5 bxc4 20.Qh6+ Kg8 21.Rd4 Bxf3 22.exf3 Ne5
23.Kg2 d5 24.f4 Nc6 25.Rxd5 exd5 26.Nxd5 Qb7 27.Kf1 Ne7 28.Nf6+ Nxf6 29.gxf6 Nf5
30.Bxf5 Qh1+ 31.Ke2 Re8+ 32.Kd2 Qd5+ 33.Kc3 cxb3+  0-1

[Event "24th ICT Acropolis"]
[Site "Chalkida GRE"]
[Date "2009.08.14"]
[Round "5"]
[White "Dounis,A"]
[Black "Sowray,P"]
[Result "1/2-1/2"]
[WhiteElo "2186"]
[BlackElo "2335"]

1.Nf3 b6 2.g3 Bb7 3.Bg2 Nf6 4.O-O c5 5.c4 g6 6.Nc3 Bg7 7.d4 Ne4 8.Nxe4 Bxe4
9.Be3 Nc6 10.d5 Bxf3 11.exf3 Nd4 12.Rb1 O-O 13.Re1 d6 14.Bxd4 Bxd4 15.Re4  1/2-1/2

[Event "24th Open"]
[Site "Schwarzach AUT"]
[Date "2009.08.23"]
[Round "9"]
[White "Vidalis,E"]
[Black "Rieling,T"]
[Result "1-0"]
[WhiteElo "1991"]
[BlackElo "2130"]

1.Nf3 Nf6 2.g3 b6 3.Bg2 Bb7 4.O-O c5 5.c4 g6 6.b3 Bg7 7.Bb2 O-O 8.d3 e6 9.Nbd2 Qc7
10.Qc2 Nc6 11.Rad1 d5 12.e3 Rfd8 13.d4 Nb4 14.Qb1 dxc4 15.bxc4 cxd4 16.Bxd4 Nc6
17.Bxf6 Bxf6 18.Ne4 Bg7 19.c5 h6 20.Nd6 Ba6 21.Nb5 Qe7 22.cxb6 axb6 23.Rxd8+ Rxd8
24.Rc1 Qb4 25.Qxb4 Nxb4 26.a4 Rd7 27.Nfd4 Nd3 28.Rc6 Rd8 29.Rxb6 Bc8 30.Rb8 Be5
31.Ra8 Bf6 32.Nc6 Rf8 33.Nd6 Bd7 34.Ra7 Nc5 35.a5 e5 36.Ne4 Nxe4 37.Bxe4 Be6
38.a6 Bg7 39.Ne7+ Kh7 40.Ra8 Rxa8 41.Bxa8 Bf8 42.a7  1-0

[Event "XIX EYCC Boys U14"]
[Site "Fermo ITA"]
[Date "2009.09.02"]
[Round "3"]
[White "McClement,A"]
[Black "De Filomeno,S"]
[Result "0-1"]
[WhiteElo "1893"]
[BlackElo "2221"]

1.Nf3 Nf6 2.c4 c5 3.g3 b6 4.Bg2 Bb7 5.O-O g6 6.Nc3 Bg7 7.d4 cxd4 8.Qxd4 d6
9.Rd1 Nbd7 10.Be3 Rc8 11.Rac1 O-O 12.Qh4 a6 13.b3 Rc7 14.Bh6 Qa8 15.Bxg7 Kxg7
16.Qd4 Kg8 17.Ne1 h5 18.e4 b5 19.cxb5 axb5 20.Nxb5 Rxc1 21.Rxc1 Qxa2 22.b4 Rc8
23.Rxc8+ Bxc8 24.Nc3 Qa1 25.Qe3 Ne5 26.Nd5 Nxd5 27.exd5 Ba6 28.h3 Nd3  0-1

[Event "6th LGA Premium Cup"]
[Site "Nuernberg GER"]
[Date "2009.09.05"]
[Round "4"]
[White "Espig,L"]
[Black "Olszewski,Mi"]
[Result "1/2-1/2"]
[WhiteElo "2359"]
[BlackElo "2559"]

1.Nf3 Nf6 2.c4 b6 3.g3 c5 4.Bg2 Bb7 5.O-O g6 6.b3 Bg7 7.Bb2 O-O 8.Nc3 d6
9.e3 Nbd7 10.Qe2 e6 11.d4 a6 12.Rfd1 Qc7 13.e4 cxd4 14.Nxd4 Rac8 15.Ndb5 axb5
16.Nxb5 Qb8 17.Nxd6 e5 18.Nxc8 Rxc8 19.Bh3 Rc7 20.f3 Bf8 21.Rd3 Qa7 22.Kf1 Ba6
23.a4 Nc5 24.Bxe5 Nxd3 25.Qxd3 Rc6 26.Qd8 Qe7 27.Qxe7 Bxe7 28.Ke2 Kf8 29.Rd1 Bc8
30.Bxc8 Rxc8 31.Rd3 Ke8 32.Bxf6 Bxf6 33.Rd6 Bd8 34.Kd3 Rc5 35.Rd5 Rc6 36.f4 g5  1/2-1/2

[Event "TCh-SRB 1st League"]
[Site "Kragujevac SRB"]
[Date "2009.09.06"]
[Round "6"]
[White "Stojanovic,Mih"]
[Black "Cabrilo,G"]
[Result "1-0"]
[WhiteElo "2584"]
[BlackElo "2492"]

1.Nf3 Nf6 2.c4 b6 3.g3 Bb7 4.Bg2 c5 5.O-O g6 6.Nc3 Bg7 7.Re1 O-O 8.e4 Nc6
9.e5 Ne8 10.d4 Nxd4 11.Nxd4 Bxg2 12.Kxg2 cxd4 13.Qxd4 d6 14.Bf4 Nc7 15.Rad1 Ne6
16.Qe4 Nxf4+ 17.gxf4 Qc8 18.h3 dxe5 19.fxe5 e6 20.Nb5 a6 21.Nd6 Qc7 22.Rd3 Rad8
23.Red1 Qe7 24.Qe3 Qc7 25.b4 a5 26.b5 Qe7 27.a4 Qc7 28.c5 bxc5 29.Nc4 Rd4
30.Rxd4 cxd4 31.Rxd4 f6 32.exf6 Bxf6 33.Qxe6+ Kh8 34.Qd6 Qb7+ 35.Qd5 Qg7
36.Re4 Bc3 37.Re3 h5 38.Rf3 Rxf3 39.Qxf3 Qd4 40.Qf8+ Kh7 41.Qe7+ Kh6 42.Qe3+  1-0

[Event "TCh-SRB 1st League"]
[Site "Kragujevac SRB"]
[Date "2009.09.10"]
[Round "9"]
[White "Martinovic,Sl"]
[Black "Milanovic,Da"]
[Result "1/2-1/2"]
[WhiteElo "2452"]
[BlackElo "2533"]

1.Nf3 Nf6 2.c4 c5 3.g3 b6 4.Bg2 Bb7 5.O-O g6 6.Nc3 Bg7 7.d4 cxd4 8.Qxd4 d6
9.Rd1 Nbd7 10.Be3 Rc8 11.Rac1 O-O 12.Qh4 a6 13.b3 Re8 14.Bh3 Rb8 15.Bg5 Nc5  1/2-1/2

[Event "TCh-SRB 1st League"]
[Site "Kragujevac SRB"]
[Date "2009.09.11"]
[Round "10"]
[White "Martinovic,Sl"]
[Black "Dudukovic,N"]
[Result "1/2-1/2"]
[WhiteElo "2452"]
[BlackElo "2210"]

1.Nf3 c5 2.c4 Nf6 3.g3 b6 4.Bg2 Bb7 5.O-O g6 6.d4 cxd4 7.Qxd4 Bg7 8.Nc3 d6
9.Rd1 Nbd7 10.Be3 Rc8 11.Rac1 h6 12.b3 O-O 13.Qd2 Kh7 14.Ng5+ hxg5 15.Bxb7 Rb8
16.Bg2 g4 17.Nb5 a6 18.Nd4 Qc7 19.Nc6 Rbe8 20.Nb4 Qc8 21.Nd5 Qb8 22.Bg5 Rh8
23.Qf4 Qc8 24.Qe3 Qd8 25.Qd2 Kg8 26.Be3 Rh5 27.Nf4 Rf5 28.b4 Qb8 29.h4 Ne5
30.Nd3 Nfd7 31.Be4 Rh5 32.Nf4 Rh8 33.Bd5 e6 34.Be4 Bf8 35.a4 b5 36.cxb5 axb5
37.a5 d5 38.Nxd5 exd5 39.Bxd5 Nf6 40.a6  1/2-1/2

[Event "TCh-SRB w"]
[Site "Pozarevac SRB"]
[Date "2009.09.21"]
[Round "8"]
[White "Uzelac,I"]
[Black "Bjeloglav,M"]
[Result "0-1"]
[WhiteElo "1643"]
[BlackElo "2013"]

1.Nf3 Nf6 2.g3 b6 3.Bg2 Bb7 4.O-O c5 5.c4 g6 6.b3 Bg7 7.Bb2 O-O 8.Nc3 d6
9.e3 Nbd7 10.Qe2 a6 11.Rfd1 e6 12.d4 Qc7 13.Rac1 Rad8 14.e4 cxd4 15.Nxd4 Nc5
16.h3 Qb8 17.b4 Ncd7 18.Nb3 Rfe8 19.f4 Qa8 20.Rxd6 Bf8 21.Rd3 Bxb4 22.e5 Bxg2
23.Qxg2 Qxg2+ 24.Kxg2 Bxc3 25.Bxc3 Ne4 26.Rcd1 Nxc3 27.Rxc3 Nb8 28.Rcd3 Rc8
29.Rd4 Rc7 30.Kf3 Kf8 31.Nd2 Nc6 32.Rd6 b5 33.c5 Nb4 34.Nb3 Nxa2 35.Rxa6 Nc3
36.Rd4 Nd5 37.Ke4 Ke7 38.Rd6 Ra8 39.c6 Ra6 40.Rd7+ Rxd7 41.cxd7 Rc6 42.Na5 Rc3
43.Rd3 Rc1 44.Nb7 Kxd7 45.Nd6 f5+ 46.Kf3 b4 47.Nb5 Ra1 48.g4 Rf1+ 49.Kg3 fxg4
50.hxg4 Ke7 51.Rf3 Rxf3+ 52.Kxf3 b3 53.Na3 b2 54.Nb1 h5 55.Kg3 Kf7 56.gxh5 gxh5
57.Kh4 Kg6 58.f5+ exf5 59.Nd2 Nf4 60.Kg3 Ne6 61.Kh4 f4 62.Nb1 Ng7 63.Nd2 Kf5
64.e6 Kxe6 65.Kg5 f3  0-1

[Event "Maotai Prince Cup Queens"]
[Site "JinZhou CHN"]
[Date "2009.09.23"]
[Round "6"]
[White "Huang Qian"]
[Black "Tan Zhongyi"]
[Result "1/2-1/2"]
[WhiteElo "2424"]
[BlackElo "2435"]

1.Nf3 Nf6 2.c4 c5 3.g3 b6 4.Bg2 Bb7 5.O-O g6 6.Nc3 Bg7 7.d4 cxd4 8.Nxd4 Bxg2
9.Kxg2 Qc8 10.b3 O-O 11.Bb2 Nc6 12.Nxc6 dxc6 13.Qc2 Rd8 14.Rad1 Qc7 15.Rxd8+ Rxd8
16.Rd1 Rxd1 17.Qxd1 Qd7 18.Qxd7 Nxd7 19.Nd1 Bxb2 20.Nxb2 Nc5 21.f3 f6 22.Kf2 Kf7
23.Ke3 Ke6 24.Nd1 Kd6 25.Nc3 e5 26.Kd2 f5 27.Ke3 Ke6 28.Kd2 Kd6 29.Ke3 Ke6
30.Kd2 Kd6 31.Ke3 Ke6  1/2-1/2

[Event "TCh-FIN 2009-10"]
[Site "Finland FIN"]
[Date "2009.10.17"]
[Round "3"]
[White "Koskinen,Hen"]
[Black "Pulkkinen,K"]
[Result "0-1"]
[WhiteElo "2297"]
[BlackElo "2277"]

1.Nf3 c5 2.c4 Nf6 3.g3 b6 4.Bg2 Bb7 5.O-O g6 6.Nc3 Bg7 7.d4 cxd4 8.Nxd4 Bxg2
9.Kxg2 O-O 10.Nc2 d6 11.Ne3 Nbd7 12.Bd2 Rc8 13.Rc1 a6 14.b3 e6 15.Rc2 Qc7
16.f3 Rfd8 17.Bc1 Nc5 18.h3 h5 19.Rf2 Qb7 20.b4 Ncd7 21.Qxd6 Ng4 22.Nxg4 hxg4
23.Bg5 Nf6 24.Qf4 gxh3+ 25.Kxh3 Nh5 26.Qe4 Qc7 27.Qh4 Rd4 28.Ne4 f5 29.e3 Rxc4
30.Rxc4 Qxc4 31.Nd6 Qxh4+ 32.Kxh4 Rc6 33.Rd2 Be5 34.Nb7 Bxg3+ 35.Kh3 Rc7
36.Rd8+ Kh7 37.Nd6 b5 38.Ne8 Rf7 39.Nd6 Ra7 40.f4 Be1 41.a3 Bc3 42.Kg2 e5
43.e4 exf4 44.exf5 gxf5 45.Kf3 Kg6 46.Bh4 Be5 47.Re8 Bb2 48.Re6+ Kh7 49.Nxf5 Ng7
50.Rh6+ Kg8 51.Ne7+ Kf7 52.Nc6 Rc7 53.Nd8+ Ke8 54.Rxa6 Rc3+ 55.Kxf4 Rc4+
56.Kg5 Bc1+ 57.Kf6 Rxh4 58.Kxg7 Kxd8 59.a4 Rxb4 60.axb5 Rxb5 61.Kf6 Kd7 62.Ra7+ Kd6
63.Ra6+ Kd5 64.Kf5 Be3 65.Ra8 Bc5 66.Rd8+ Bd6 67.Kg4 Rb4+ 68.Kf3 Rf4+ 69.Ke3 Rf7
70.Re8 Bc5+ 71.Kd3 Rf3+ 72.Ke2 Rh3 73.Rd8+ Bd6 74.Re8 Kd4 75.Kf2 Be5 76.Kg2 Ra3
77.Kf2 Ke4 78.Ke2 Ra2+ 79.Kd1 Kd3 80.Rc8 Bc3 81.Rd8+ Bd4 82.Rc8 Rd2+ 83.Kc1 Rh2
84.Kb1 Bc3 85.Rd8+ Kc4 86.Rc8+ Kb3  0-1

[Event "17th TCh-Eur"]
[Site "Novi Sad SRB"]
[Date "2009.10.23"]
[Round "2"]
[White "Hansen,SuB"]
[Black "Saiboulatov,D"]
[Result "1-0"]
[WhiteElo "2552"]
[BlackElo "2395"]

1.Nf3 Nf6 2.c4 b6 3.g3 Bb7 4.Bg2 c5 5.O-O g6 6.Nc3 Bg7 7.d4 cxd4 8.Qxd4 Nc6
9.Qf4 Rc8 10.Rd1 O-O 11.b3 Nb4 12.Bb2 Rc5 13.Qd2 Na6 14.Rac1 d6 15.Ne1 Bxg2
16.Nxg2 Qd7 17.Nf4 Nc7 18.a4 Bh6 19.e3 Ne6 20.Nfd5 Nxd5 21.Nxd5 Ng5 22.Qe2 Bg7
23.Bd4 Rcc8 24.h4 Ne4 25.Bxg7 Kxg7 26.Qb2+ f6 27.Kg2 Rf7 28.b4 Qg4 29.Rh1 e6
30.Nf4 Rfc7 31.Ne2 Rxc4 32.f3 Qf5 33.Rxc4 Rxc4 34.Rc1 Qd5 35.Rxc4 Qxc4 36.fxe4 Qxe4+
37.Kf2 e5 38.Qc3 d5 39.a5 bxa5 40.bxa5 a6 41.Qc7+ Kh6 42.Qc8 Kh5 43.Qe6 f5
44.Qxa6 d4 45.exd4 f4 46.gxf4 exf4 47.Qd3  1-0

[Event "Open"]
[Site "Liberec CZE"]
[Date "2009.10.26"]
[Round "3"]
[White "Vorobyov,Y"]
[Black "Novotny,Jar2"]
[Result "1-0"]
[WhiteElo "2232"]
[BlackElo "1998"]

1.Nf3 Nf6 2.c4 b6 3.g3 Bb7 4.Bg2 c5 5.O-O g6 6.d4 cxd4 7.Qxd4 Bg7 8.Nc3 O-O
9.Qh4 Na6 10.Bh6 d6 11.Rac1 Nc5 12.Rfd1 a6 13.b4 Ncd7 14.e4 Qb8 15.Bxg7 Kxg7
16.Nd5 Re8 17.Nd4 e6 18.Nxf6 Nxf6 19.f3 Qa7 20.Kh1 Rac8 21.Qf4 Qb8 22.Bf1 h6
23.Nb3 Red8 24.Qe3 d5 25.exd5 exd5 26.c5 d4 27.Rxd4 bxc5 28.Rxd8 Rxd8 29.bxc5 Qa8
30.Bg2 a5 31.Qc3 a4 32.Nd4 Rxd4 33.Qxd4 Bxf3 34.Bxf3 Qxf3+ 35.Kg1 Qd5 36.Qxd5 Nxd5
37.c6 Nc7 38.Rb1  1-0

[Event "World Seniors"]
[Site "Condino ITA"]
[Date "2009.10.30"]
[Round "4"]
[White "Sloth,J"]
[Black "Gutzeit,A"]
[Result "1-0"]
[WhiteElo "2312"]
[BlackElo "2140"]

1.Nf3 Nf6 2.c4 c5 3.g3 b6 4.Bg2 Bb7 5.O-O g6 6.Nc3 Bg7 7.Re1 O-O 8.e4 d6
9.d4 cxd4 10.Nxd4 Qc8 11.Nd5 Re8 12.Bg5 Nxd5 13.cxd5 Qc4 14.Be3 Qc7 15.Rc1 Qd7
16.Bf1 Ba6 17.b4 Bxf1 18.Rxf1 Bxd4 19.Qxd4 Na6 20.Bh6 f6 21.Rc6 Qh3 22.Be3 Nb8
23.Rc7 Nd7 24.f4 h5 25.Bf2 g5 26.Qe3 Kf7 27.e5 dxe5 28.fxg5 Rac8 29.Qd3 Kg7
30.d6 Qe6 31.Qa6 Nb8 32.Qb7 Rcd8 33.gxf6+  1-0

[Event "ch-VIE Men Masters"]
[Site "Ho Chi Minh City VIE"]
[Date "2009.12.14"]
[Round "7"]
[White "Nguyen Van Huy"]
[Black "Tran Quoc Dung"]
[Result "1/2-1/2"]
[WhiteElo "2414"]
[BlackElo "2196"]

1.Nf3 Nf6 2.c4 b6 3.g3 Bb7 4.Bg2 c5 5.O-O g6 6.Nc3 Bg7 7.d4 cxd4 8.Qxd4 O-O
9.Qh4 d6 10.Bh6 Nbd7 11.Rac1 Rc8 12.Bxg7 Kxg7 13.Rfd1 Rc5 14.b4 Rc8 15.Qf4 Re8
16.a3 a6 17.Nh4 Bxg2 18.Nxg2 Qc7 19.Ne3 h6 20.Qd4 Qc6 21.Ncd5 Kh7 22.Rc3 Ng8
23.Qd2 Ndf6 24.Qd3 Qb7 25.Rdc1 Rc6 26.Nxf6+ Nxf6 27.Nd5 Ng8 28.Qe4 Kg7 29.Qd4+ e5
30.Qd2 Rec8 31.e4 Ne7 32.Ne3 Qc7 33.Rd3 Ng8 34.Rd1 Nf6 35.Rxd6 Nxe4 36.Rxc6 Qxc6
37.Qd5 Qxd5 38.Rxd5 Rc6 39.Kg2 f6 40.Rd7+ Kf8 41.Ra7 b5 42.c5 Nd2 43.Nd5 f5
44.Nb6 e4 45.Rxa6 Kf7 46.a4 bxa4 47.Rxa4 g5 48.Ra7+ Ke8 49.Ra2 Nf3 50.Nc4 Ne1+
51.Kf1 Nd3 52.Ra4 Ke7 53.Ke2 Ke6 54.f3 Kd5 55.Ne3+ Ke5 56.Nc2 h5 57.Ra8 h4
58.Re8+ Kd5 59.Ne3+ Kd4 60.Nxf5+ Kc3 61.Rxe4 hxg3 62.hxg3 Nxb4 63.Re5 Na6
64.Nd6 g4 65.fxg4 Kd4 66.Re3 Nxc5 67.Nf5+ Kc4 68.Kf3 Ne6 69.Re1 Ra6 70.Rc1+ Kd5
71.Rd1+  1/2-1/2

[Event "London Classic FIDE Open"]
[Site "London ENG"]
[Date "2009.12.14"]
[Round "8"]
[White "Summerscale,A"]
[Black "Roberson,P"]
[Result "1/2-1/2"]
[WhiteElo "2449"]
[BlackElo "2236"]

1.Nf3 Nf6 2.c4 b6 3.g3 c5 4.Bg2 Bb7 5.O-O g6 6.Nc3 Bg7 7.Re1 Nc6 8.d4 cxd4
9.Nxd4 O-O 10.b3 Qc8 11.Bb2 Nxd4 12.Qxd4 Bxg2 13.Kxg2 Qc5 14.Nd5 Qxd4 15.Nxe7+ Kh8
16.Bxd4 Rfe8 17.Nd5 Nxd5 18.Bxg7+ Kxg7 19.cxd5 Rac8 20.e4 Rc2 21.Re3 Rec8  1/2-1/2

[Event "9th Amplico Life Rapid"]
[Site "Warsaw POL"]
[Date "2009.12.20"]
[Round "9"]
[White "Vovk,A"]
[Black "Azarov,S"]
[Result "1/2-1/2"]
[WhiteElo "2512"]
[BlackElo "2622"]

1.Nf3 Nf6 2.g3 b6 3.Bg2 Bb7 4.O-O c5 5.c4 g6 6.b3 Bg7 7.Bb2 O-O 8.Nc3 d6
9.e3 Nbd7 10.d4 e6 11.Qe2 Qe7 12.Rad1 Ne4 13.Nxe4 Bxe4 14.dxc5 Bxb2 15.Qxb2 bxc5
16.Rd2 Rab8 17.Rfd1 Rb6 18.Qc3 Nf6 19.Qa5 Qb7 20.Ne1 Bxg2 21.Nxg2 Ne4 22.Rc2 Ng5
23.Qc3 Qf3 24.Qd3 a5 25.h4 Ne4 26.Ne1 Qf5 27.Kg2 a4 28.f3 Nf6 29.e4 Qe5 30.Re2 axb3
31.axb3 Rfb8 32.Rb1 Nd7 33.Reb2 R8b7 34.f4 Qf6 35.Nf3 h5 36.Qd2 Qe7 37.b4 Rxb4
38.Rxb4 cxb4 39.Rxb4 Rxb4 40.Qxb4 Nc5 41.e5 Qc7 42.Qb5 Ne4 43.Ng5 Nxg5 44.exd6 Qxd6
45.hxg5 Qd2+ 46.Kf3 Qd3+ 47.Kf2 Qd2+ 48.Kf3 Qd3+ 49.Kf2  1/2-1/2

[Event "76th ch-BLR"]
[Site "Minsk BLR"]
[Date "2010.01.13"]
[Round "2"]
[White "Teterev,V"]
[Black "Azarov,S"]
[Result "1/2-1/2"]
[WhiteElo "2527"]
[BlackElo "2622"]

1.Nf3 Nf6 2.g3 b6 3.Bg2 Bb7 4.O-O c5 5.c4 g6 6.d4 cxd4 7.Qxd4 Nc6 8.Qf4 Bg7
9.Nc3 Rc8 10.Rd1 O-O 11.Bd2 Qe8 12.Rac1 Nd8 13.b3 Ne6 14.Qh4 Rc5 15.g4 h5
16.h3 d6 17.Be3 Ra5 18.Rc2 Qa8 19.b4 Ra3 20.g5 Rxc3 21.Rxc3 Ne4 22.Rc2 Nc3
23.Rdc1 Nxe2+ 24.Rxe2 Bxf3 25.Qg3 Bc6 26.Rd2  1/2-1/2

[Event "Georgi Tringov Mem"]
[Site "Plovdiv BUL"]
[Date "2010.02.04"]
[Round "7"]
[White "Todorov,O"]
[Black "Spassov,L"]
[Result "1/2-1/2"]
[WhiteElo "2309"]
[BlackElo "2419"]

1.c4 c5 2.Nf3 Nf6 3.g3 b6 4.Bg2 Bb7 5.O-O g6 6.d4 cxd4 7.Qxd4 d6 8.Nc3 Bg7
9.Rd1 O-O 10.Be3 Nbd7  1/2-1/2

[Event "Bundesliga 2009-10"]
[Site "Berlin GER"]
[Date "2010.02.07"]
[Round "9"]
[White "Schwalfenberg,J"]
[Black "Berndt,S"]
[Result "1/2-1/2"]
[WhiteElo "2317"]
[BlackElo "2442"]

1.Nf3 Nf6 2.Ng1 Ng8 3.Nf3 Nf6 4.c4 b6 5.g3 Bb7 6.Bg2 c5 7.O-O g6 8.b3 Bg7
9.Bb2 O-O 10.d4 cxd4 11.Qxd4 d6 12.Rd1 Nbd7 13.Nc3 Rc8 14.Nb1 Ra8 15.Nc3 Rc8
16.Ne1 Ne4 17.Qe3 Nxc3 18.Bxc3 Bxc3 19.Bxb7 Bxa1 20.Bxc8 Bg7 21.Bb7 Ne5 22.Bg2 Qc7
23.Nd3 Nxd3 24.Rxd3 Rb8 25.a4  1/2-1/2

[Event "Bundesliga 2009-10"]
[Site "Muenchen GER"]
[Date "2010.02.07"]
[Round "9"]
[White "Romanov,E"]
[Black "Wojtaszek,R"]
[Result "1/2-1/2"]
[WhiteElo "2588"]
[BlackElo "2640"]

1.c4 Nf6 2.Nf3 b6 3.g3 c5 4.Bg2 Bb7 5.O-O g6 6.d4 cxd4 7.Qxd4 Bg7 8.Nc3 d6
9.Be3 Nbd7 10.Rac1 Rc8 11.b3 O-O 12.Qh4 a6 13.Bh6 Rc5 14.Bxg7 Kxg7 15.Qd4 Qa8
16.Na4 Rc6 17.Nh4 Rc7 18.Nc3 Kg8 19.Qe3 Re8 20.h3 Bxg2 21.Nxg2 Rc5 22.a4  1/2-1/2

[Event "Bundesliga 2009-10"]
[Site "Remagen GER"]
[Date "2010.02.07"]
[Round "9"]
[White "Ernst,S"]
[Black "Medvegy,Z"]
[Result "1-0"]
[WhiteElo "2589"]
[BlackElo "2556"]

1.Nf3 Nf6 2.c4 b6 3.g3 Bb7 4.Bg2 c5 5.O-O g6 6.b3 Bg7 7.Bb2 O-O 8.Nc3 d5
9.Nxd5 Nxd5 10.Bxg7 Kxg7 11.cxd5 Qxd5 12.d4 cxd4 13.Qxd4+ Qxd4 14.Nxd4 Bxg2
15.Kxg2 a6 16.Rac1 Ra7 17.Rc2 Rd7 18.e3 a5 19.Rfc1 Na6 20.Rc6 Rb8 21.Rc8 Rxc8
22.Rxc8 Rc7 23.Rxc7 Nxc7 24.f4 f5 25.Kf3 Kf6 26.Nc6 Ke6 27.e4 Kd6 28.Ne5 e6
29.Ke3 Na6 30.exf5 exf5 31.Kd4 Nb4 32.Nc4+ Kc6 33.a3 Na6 34.Ne5+ Kb5 35.Nd7 Kc6
36.Nf8 Nc5 37.b4 axb4 38.axb4 Ne4 39.Nxh7 Kb5 40.Nf8 Kxb4 41.Nxg6 Nf2 42.Ne7 Ng4
43.h3 Nf2 44.h4 b5 45.Nxf5 Ka4 46.Kd5 b4 47.Nd4 Ng4 48.f5 Ne3+ 49.Ke4 Nc2
50.f6  1-0